ՀՀ Գիտությունների ազգային ակադեմիայի հիմնարար գիտական գրադարան  =   Fundamental Scientific Library of NAS RA

Հերոսը : (Record no. 136353)

MARC details
000 -LEADER
fixed length control field 00721nam a2200205 a 4500
001 - CONTROL NUMBER
control field 000355807
003 - CONTROL NUMBER IDENTIFIER
control field AM-YeHGA
005 - DATE AND TIME OF LATEST TRANSACTION
control field 20250617131448.0
008 - FIXED-LENGTH DATA ELEMENTS--GENERAL INFORMATION
fixed length control field 040730s1903 sz r 000 0 arm d
040 ## - CATALOGING SOURCE
Original cataloging agency AM-YeHGA
041 1# - LANGUAGE CODE
Language code of text/sound track or separate title arm
Language code of original fre
090 ## - LOCALLY ASSIGNED LC-TYPE CALL NUMBER (OCLC); LOCAL CALL NUMBER (RLIN)
-- 137724
100 0# - MAIN ENTRY--PERSONAL NAME
Personal name Եմենից
245 10 - TITLE STATEMENT
Title Հերոսը :
Remainder of title (Մի երես յունական ապստամբութիւնից) /
Statement of responsibility, etc. Եմենից; Ֆրանս. թարգմ.՝ Կարնեցի.
260 ## - PUBLICATION, DISTRIBUTION, ETC.
Place of publication, distribution, etc. Ժընև :
Name of publisher, distributor, etc. Եւրոպայի հայ ուսանող. միութ. հրատ.,
Date of publication, distribution, etc. 1903.
300 ## - PHYSICAL DESCRIPTION
Extent 31 էջ ;
Dimensions 20 սմ.
500 ## - GENERAL NOTE
General note Տողատ. ծանոթ.
650 14 - SUBJECT ADDED ENTRY--TOPICAL TERM
Topical term or geographic name entry element Պատմություն
Geographic subdivision Հունաստան
700 1# - ADDED ENTRY--PERSONAL NAME
Personal name Կարնեցի
Relator term թարգմ.
Relationship trl
Holdings
Withdrawn status Lost status Damaged status Not for loan Collection Home library Current library Date acquired Total checkouts Full call number Barcode Date last seen Price effective from Koha item type Public note
        General Fundamental Scientific Library Fundamental Scientific Library 22/12/2016   AII/3637 FL0026613 22/12/2016 22/12/2016 Գրքեր / Books 30 Days Loan
        General Fundamental Scientific Library Fundamental Scientific Library 22/12/2016   AII/13799 FL0012510 22/12/2016 22/12/2016 Գրքեր / Books 30 Days Loan


ՀՀ ԳԱԱ հիմնարար գիտական գրադարան
ՀՀ,Երևան 0019
Մարշալ Բաղրամյան 24/6
հեռախոս:(374-10) 52-47-50
Հետադարձ կապ

All site content, except where otherwise noted, is licensed under a
Creative Commons License